000 00592nam a22001817a 4500
005 20250403162714.0
008 250403b |||||||| |||| 00| 0 eng d
020 _a9781009101332
041 _aeng
082 _a382.91 MAR
100 _aMarjit, Sugata
245 _aVirtual Trade in a Changing World
260 _aUK
_bCambridge Univeinrity Pres
_c2023
300 _a91;. pages: 23 cm
650 _aGeneral Agreement On Trade In Services (Organization); World Trade Organization; Service Industries--Law And Legislation
700 _aDas G. Gouranga and Mandal Biswajit
942 _cBK
999 _c43539
_d43539